000 00435nam a2200169Ia 4500
005 20240717015036.0
008 240331s9999 xx 000 0 und d
020 _a0415123313
082 _bBEI
_a200
100 _aBeit-Hallahmi, B
245 4 _aThe psychology of religious behaviour belief and experience
260 _aLondon
_bRoutledge
_c1997
300 _ax, 318 p .,
650 _aReligious
650 _aPsychology
942 _cL
999 _c1380
_d1380